000 02587nam a22003613i 4500
001 991107639635606196
005 20260309144721.0
006 m o d |
007 cr |||||||||||
008 250602s2025 xx o ||||0 eng d
020 _a1036235580
020 _a1036202372
020 _a1036203409
035 _a(CKB)38734220400041
035 _a(MiAaPQ)EBC32141453
035 _a(Au-PeEL)EBL32141453
035 _a(OCoLC)1522808037
035 _a(Exl-AI)32141453
035 _a(EXLCZ)9938734220400041
040 _aMiAaPQ
_beng
_erda
_epn
_cMiAaPQ
_dMiAaPQ
041 _aEnglish
050 0 0 _aGT3405
_b.Q53 2025
100 _aQuick, Liz.
_926858
245 1 0 _aManaging Events
_c/ Liz Quick
250 _aSecond edition
264 1 _aLondon :
_bSAGE Publications, Limited,
_c2025.
300 _a485 pages
505 8 _aPart 1: The Event Cycle — The Planning Phase — The Event Delivery Phase — The Post-Event and Evaluation Phase. Part 2: Before the Event — Event Research, Feasibility and Impact Analysis — Event Conception and Bidding. Part 3: Throughout the Event — Event Operations, Logistics and Marketing — Event Finance, Online Payment Solutions and Budgeting — Event Design and Production- Part 4: Beyond Events — Event Trends and Issues.
520 _aThis introduction to managing events, written by an events professional and lecturer, combines a much-needed real-world industry perspective with essential academic concepts for success in both your studies and career. Each chapter guides you through the important stages of the event process, discusses events of all types and sizes, and introduces key trends and issues in the industry. This new edition includes all new, real-life examples which look at challenges and success stories, and explore how the events industry is evolving following the Covid 19 pandemic and as new technologies emerge. Learning features include insights into career paths from practitioners, with anecdotes on how they overcome real event challenges, Event Ethics and Did You Know boxes, case studies, and questions, discussion points and activities at the end of each chapter. Managing Events is the essential companion for anyone studying events and events management at college or university, or for those already working in the industry who are looking to develop their event skills. Liz Quick is a senior lecturer on the BA Event Management course at the University of West London.
650 0 _aRisk management
_92878
650 0 _aSustainability
_95153
942 _2lcc
999 _c5405
_d5405